Estadísticas para Rosco de Pasapalabra #15

Haz click aquí para intentar la prueba.

Estadísticas generales

  • Esta prueba ha sido intentada 180 veces
  • La puntuación promedio es 12 de 25

Estadísticas de respuestas

InicialDefiniciónRespuesta% Correcto
ARelación entre amigosAmistad
100%
Contiene la ÑRodete que se hace con el cabello para tenerlo recogido o por adornoMoño
85%
ECapa de la atmósfera terrestre, inmediatamente superior a la troposferaEstratosfera
79%
NPercibir una sensación o darse cuenta de ellaNotar
77%
DArma blanca antigua, semejante a una espada cortaDaga
76%
BGorra sin visera, redonda y chata, de lana y generalmente de una sola piezaBoina
75%
LHoja de papel destinada al dibujoLámina
75%
SDécima carta de cada palo de la baraja española, que tiene la figura de un pajeSota
68%
JAdjetivo que se pospone al nombre de una persona para indicar que esta es más joven que otra del mismo nombreJúnior
59%
CExamen parcial para comprobar la marcha de los alumnosControl
58%
ZLugar en que se conservan y cuidan animales para ser contemplados por el público y para su estudioZoológico
54%
GLlave colocada en la boca de las cañerías o en depósitos de líquidos, a fin de regular el paso de estosGrifo
50%
HElaborar o fabricar algo con una forma o cualidad concretaHacer
49%
MUnidad de longitud equivalente a la millonésima parte del metroMicra
48%
VDerecho que tiene una persona o corporación para impedir algoVeto
43%
Contiene la YLínea gráfica alargada que se traza sobre una superficieRaya
37%
Contiene la QPolítica económica de un Estado que intenta bastarse con sus propios recursosAutarquía
34%
RConjunto de palabras con las que se pide algo a alguien como gracia o favorRuego
28%
USe dice del sentimiento, opinión o parecer que es compartido por todas las personas de que se trataUnánime
24%
Contiene la XAcción y efecto de envenenar, infectar con una sustancia que contiene venenoIntoxicación
23%
OPiel, generalmente de cabra, cosida y pegada, que se utiliza para contener líquidos como vino o aceiteOdre
16%
FApellido del entrenador de béisbol que ganó la Serie Mundial de 2004 y 2007 con los Boston Red SoxFrancona
2%
PNombre del submarino que actualmente alberga un museo en el muelle 45 de la ciudad de San FranciscoPampanito
2%
IDelineación de la planta de un edificioIcnografía
1%
TTejón, mamífero carnívoro de pelo largo y espesoTasugo
1%

Distribución de puntuación

Porcentaje por número respondido

Porcentaje de gente con cada puntuación

Historial de tus puntuaciones

No has intentado esta prueba.